Guidelines for reduced impact logging in Peninsular Malaysia

Bibliographic Details
Corporate Author: Forestry Department Peninsular Malaysia
Format: Book
Published: Kuala Lumpur : Jabatan Perhutanan Semenanjung Malaysia , 2003
Subjects:

MARC

LEADER 00000cam a2200000 7i4500
001 0000003233
005 20050323.0
090 0 0 |a 634.925951   |b GUI 
245 0 0 |a Guidelines for reduced impact logging in Peninsular Malaysia 
260 0 0 |a Kuala Lumpur :   |b Jabatan Perhutanan Semenanjung Malaysia ,   |c 2003 
300 |a v, 38 p. ;   |c 25 cm. 
650 0 0 |a Forest and forestry   |z Malaysia 
650 0 0 |a Forests management   |z Malaysia 
710 1 1 |a Forestry Department Peninsular Malaysia 
999 |a 0000005867   |b Monograph   |c Open Shelf   |e Default branch 
999 |a 0000005868   |b Monograph   |c Open Shelf   |e Default branch 
999 |a 0000005869   |b Monograph   |c Open Shelf   |e Default branch 
999 |a 0000005870   |b Monograph   |c Open Shelf   |e Default branch 
999 |a 0000005944   |b Monograph   |c Open Shelf   |e Default branch